000 00484nam a2200193Ia 4500
003 LK-CoDNM
008 010623t1979 xxu||||| |||| 00| 1 eng d
040 _aLK-CoDNM
_dLK-CoDNM
_eLK-CoDNM
041 _aeng
080 _a745
_bBRO
100 _aBroder, Patricia Janis
245 _aGreat paintings of the old American west
260 _bAbbeville press
_aNew York
_c1979
300 _b156, 28.5 cm
650 _aArts
650 _aCulture
650 _aFolk lore
942 _cBK
999 _c110777
_d110777